|
|
|
|
| LEADER |
00813nam a2200205 a 4500 |
| 001 |
862198 |
| 008 |
091112s1978 ii a b 000 0 eng d |
| 010 |
|
|
|a 78905365
|
| 040 |
|
|
|a DLC
|c DLC
|d DLC
|d BD-DhAAL
|
| 082 |
0 |
0 |
|a 338/.04/07
|2 18
|
| 245 |
0 |
0 |
|a Developing entrepreneurship :
|b a handbook /
|c T. Venkateswara Rao ... [et al.].
|
| 260 |
|
|
|a New Delhi :
|b Learning Systems,
|c c1978.
|
| 300 |
|
|
|a iii, 372 p. :
|b ill. ;
|c 24 cm.
|
| 504 |
|
|
|a Includes bibliographical references.
|
| 541 |
1 |
|
|e 00013683
|
| 650 |
|
0 |
|a Entrepreneurship.
|
| 700 |
2 |
|
|a Venkateswara Rao, T.
|
| 852 |
4 |
|
|a Ayesha Abed Library
|j General Shelf
|
| 999 |
|
|
|c 10748
|d 10748
|
| 952 |
|
|
|0 0
|1 0
|2 ddc
|4 0
|6 338_040700000000000_DEV
|7 0
|9 16166
|a BRACUL
|b BRACUL
|c GEN
|d 2011-04-21
|l 0
|o 338.0407 DEV
|p 3010013683
|r 2011-04-21
|t 1
|w 2011-04-21
|y BK
|x Price not available in Register
|